[Event "IECG WC.2003.F.00005 email"]
[Site "IECG email"]
[Date "2003.12.20"]
[Round "?"]
[White "Avrum, Feivel"]
[Black "Grkinic, Goran"]
[Result "0-1"]
[WhiteElo "1975"]
[BlackElo "1981"]
[PlyCount "30"]
[EventDate "2003.12.20"]
[EventType "tourn (corr)"]
[EventRounds "14"]
[SourceTitle "Corr 2024"]
[Source "ChessBase"]
[SourceDate "2023.10.19"]
[SourceVersion "1"]
[SourceVersionDate "2023.10.19"]
[SourceQuality "1"]

1. e4 c5 2. Nf3 d6 3. d4 cxd4 4. Nxd4 Nf6 5. Nc3 a6 6. Bc4 e6 7. Bb3 b5 8. 0-0 Be7 9. Be3 0-0 10. f4 b4 11. Na4 Bb7 12. c3 bxc3 13. Nxc3 Nxe4 14. Nxe4 Bxe4 15. Rf2 Nd7 0-1

[Event "IECG WC.2003.F.00005 email"]
[Site "IECG email"]
[Date "2003.12.20"]
[Round "?"]
[White "Avrum, Feivel"]
[Black "Lacoste, Alain"]
[Result "0-1"]
[WhiteElo "1975"]
[BlackElo "2004"]
[PlyCount "50"]
[EventDate "2003.12.20"]
[EventType "tourn (corr)"]
[EventRounds "14"]
[SourceTitle "Corr 2008"]
[Source "ChessBase"]
[SourceDate "2008.06.24"]
[SourceVersion "1"]
[SourceVersionDate "2008.06.24"]
[SourceQuality "1"]

1. c4 e6 2. g3 d5 3. Bg2 Nf6 4. Nf3 c5 5. cxd5 exd5 6. d4 Nc6 7. Nc3 Be7 8. 0-0 0-0 9. Bg5 cxd4 10. Nxd4 h6 11. Be3 Re8 12. Qb3 Na5 13. Qc2 Bf8 14. Rfd1 Nc6 15. Qa4 Bd7 16. Nxd5 Nxd5 17. Bxd5 Nb4 18. Qb3 Nxd5 19. Qxd5 Ba4 20. Nb3 Qe7 21. Rac1 Bc6 22. Qf5 g6 23. Qf4 Rad8 24. Na5 Bd5 25. Rc7 Rd7 0-1

[Event "IECG WC.2003.F.00005 email"]
[Site "IECG email"]
[Date "2003.12.20"]
[Round "?"]
[White "Markus, Roland"]
[Black "Avrum, Feivel"]
[Result "1-0"]
[WhiteElo "2110"]
[BlackElo "1975"]
[PlyCount "43"]
[EventDate "2003.12.20"]
[EventType "tourn (corr)"]
[EventRounds "14"]
[SourceTitle "Corr 2008"]
[Source "ChessBase"]
[SourceDate "2008.06.24"]
[SourceVersion "1"]
[SourceVersionDate "2008.06.24"]
[SourceQuality "1"]

1. d4 Nf6 2. f3 d5 3. e4 dxe4 4. Nc3 exf3 5. Nxf3 g6 6. Bc4 Bg7 7. 0-0 0-0 8. Qe1 Nc6 9. Qh4 Bg4 10. Ne2 Bf5 11. c3 Na5 12. Bb5 a6 13. Ba4 b5 14. Bd1 Qd6 15. Ng3 Bd3 16. Re1 b4 17. Ne5 Bb5 18. a3 bxc3 19. bxc3 c5 20. a4 Bc6 21. Ba3 Nd7 22. Nxd7 1-0

[Event "IECC P email"]
[Site "IECC email"]
[Date "2002.11.26"]
[Round "?"]
[White "Tavani, Alberto"]
[Black "Avrum, Feivel"]
[Result "1/2-1/2"]
[WhiteElo "1686"]
[BlackElo "2108"]
[PlyCount "86"]
[EventDate "2002.??.??"]
[EventType "tourn (corr)"]
[EventRounds "6"]
[SourceTitle "Corr 2008"]
[Source "ChessBase"]
[SourceDate "2008.06.24"]
[SourceVersion "1"]
[SourceVersionDate "2008.06.24"]
[SourceQuality "1"]

1. d4 Nf6 2. c4 e6 3. Nf3 d5 4. Nc3 Be7 5. Bg5 0-0 6. e3 Nbd7 7. Bd3 dxc4 8. Bxc4 a6 9. a4 c5 10. 0-0 cxd4 11. exd4 Nb6 12. Bb3 Bd7 13. a5 Nbd5 14. Bxd5 Nxd5 15. Nxd5 exd5 16. Bxe7 Qxe7 17. Qb3 Qd6 18. Rfe1 f6 19. Rac1 Rab8 20. Nd2 Rfe8 21. Qf3 b6 22. axb6 Rxb6 23. Rxe8+ Bxe8 24. Nb3 Rb8 25. h3 Bg6 26. Qe2 Qb6 27. Rc3 h6 28. Qg4 Kh7 29. Rg3 f5 30. Qf4 Re8 31. Qd2 Qb5 32. Kh2 Re2 33. Qf4 Rxb2 34. Nc5 Qb8 35. Qxb8 Rxb8 36. Nxa6 Rb2 37. Rf3 Rc2 38. Nc5 Rc4 39. Rf4 Be8 40. h4 Bb5 41. h5 g5 42. hxg6+ Kxg6 43. Rh4 h5 1/2-1/2

[Event "IECC M email"]
[Site "IECC email"]
[Date "2002.02.11"]
[Round "?"]
[White "Avrum, Feivel"]
[Black "Nagley, Tim"]
[Result "1/2-1/2"]
[WhiteElo "2073"]
[BlackElo "2245"]
[PlyCount "84"]
[EventDate "2002.??.??"]
[EventType "tourn (corr)"]
[EventRounds "6"]
[SourceTitle "Corr 2008"]
[Source "ChessBase"]
[SourceDate "2008.06.24"]
[SourceVersion "1"]
[SourceVersionDate "2008.06.24"]
[SourceQuality "1"]

1. e4 e5 2. Nf3 Nc6 3. Bb5 a6 4. Ba4 Nf6 5. d3 d6 6. c3 g6 7. 0-0 Bg7 8. Re1 0-0 9. Nbd2 Nd7 10. Nf1 Nc5 11. Bxc6 bxc6 12. d4 Nd7 13. Ng3 c5 14. Bg5 Qe8 15. dxe5 Nxe5 16. Nxe5 Qxe5 17. Qd2 c4 18. Be3 Qb5 19. Rab1 Qa5 20. Bd4 Bxd4 21. Qxd4 Qxa2 22. e5 Bb7 23. exd6 cxd6 24. Ra1 Qb3 25. Nf1 d5 26. Ne3 h5 27. Nxd5 Bxd5 28. Qxd5 Rfe8 29. Qd2 Rad8 30. Rxe8+ Rxe8 31. h3 Qb6 32. Ra4 Qc6 33. Ra5 Re4 34. Rd5 Kh7 35. Rd8 Qc5 36. Rd7 Kg7 37. Kf1 Qa5 38. Qd1 Qg5 39. Rd5 Qf4 40. Qd2 Qxd2 41. Rxd2 Re6 42. Rd4 Rc6 1/2-1/2

[Event "IECG WC.2005.P.00010 email"]
[Site "IECG email"]
[Date "2002.01.29"]
[Round "?"]
[White "Migliorini, Roberto"]
[Black "Avrum, Feivel"]
[Result "1-0"]
[WhiteElo "2027"]
[BlackElo "2046"]
[PlyCount "131"]
[EventDate "2002.01.29"]
[EventType "tourn (corr)"]
[EventRounds "6"]
[SourceTitle "Corr 2008"]
[Source "ChessBase"]
[SourceDate "2008.06.24"]
[SourceVersion "1"]
[SourceVersionDate "2008.06.24"]
[SourceQuality "1"]

1. d4 Nf6 2. Nf3 e6 3. Bg5 h6 4. Bxf6 Qxf6 5. e4 d6 6. Nc3 a6 7. Qd2 d5 8. exd5 Bb4 9. dxe6 Bxe6 10. a3 Bxc3 11. Qxc3 Nc6 12. 0-0-0 Qf4+ 13. Qe3 Qxe3+ 14. fxe3 0-0-0 15. e4 Bg4 16. c3 f6 17. Bd3 Rhe8 18. h3 Bh5 19. Rhe1 Bf7 20. Kc2 Na5 21. d5 f5 22. e5 Bxd5 23. Bxf5+ Kb8 24. Rd3 Bb3+ 25. Kc1 Rxd3 26. Bxd3 c5 27. Bg6 Re7 28. Bc2 Bd5 29. Be4 Bf7 30. g4 Nc4 31. Bd3 g5 32. Bxc4 Bxc4 33. Nd2 Bd5 34. c4 Bg2 35. Re3 Kc7 36. b4 b6 37. Kb2 a5 38. Kb3 Re8 39. Nb1 axb4 40. axb4 Kd7 41. Nc3 Ke6 42. Na4 Rb8 43. b5 Ba8 44. Kc2 Bg2 45. Kc3 Rb7 46. Kd2 Rb8 47. Ke1 Bh1 48. Kf2 Rf8+ 49. Kg3 Rb8 50. Re1 Ba8 51. h4 Rb7 52. Rd1 Rf7 53. Nxb6 Rf3+ 54. Kh2 Rf2+ 55. Kg1 Rg2+ 56. Kf1 Bf3 57. Nd7 Rxg4 58. Rd6+ Ke7 59. Kf2 Bh1 60. hxg5 hxg5 61. Nb6 Rg2+ 62. Kf1 Rb2 63. Nc8+ Ke8 64. Rh6 Rb1+ 65. Kf2 Kd7 66. Nb6+ 1-0

[Event "IECC M email"]
[Site "IECC email"]
[Date "2001.12.30"]
[Round "?"]
[White "Avrum, Feivel"]
[Black "Nagley, Tim"]
[Result "1-0"]
[WhiteElo "2065"]
[BlackElo "2016"]
[PlyCount "49"]
[EventDate "2001.??.??"]
[EventType "tourn (corr)"]
[EventRounds "6"]
[SourceTitle "Corr 2008"]
[Source "ChessBase"]
[SourceDate "2008.06.24"]
[SourceVersion "1"]
[SourceVersionDate "2008.06.24"]
[SourceQuality "1"]

1. e4 e5 2. Nf3 Nf6 3. Nxe5 d6 4. Nf3 Nxe4 5. d4 d5 6. Bd3 Be7 7. 0-0 Nc6 8. c4 Nb4 9. Be2 0-0 10. Nc3 Be6 11. Be3 Bf5 12. Rc1 dxc4 13. Bxc4 c6 14. Ne5 Nxc3 15. bxc3 Nd5 16. Qf3 Be6 17. Bd3 Bd6 18. Bd2 Qh4 19. Rfe1 Rfe8 20. Bf5 Bxf5 21. Qxf5 Bxe5 22. dxe5 Ne7 23. Qc2 Ng6 24. Re4 Qh6 25. Bxh6 1-0

[Event "IECC M email"]
[Site "IECC email"]
[Date "2001.12.23"]
[Round "?"]
[White "Avrum, Feivel"]
[Black "Chadwick, Charles"]
[Result "1-0"]
[WhiteElo "2059"]
[BlackElo "1947"]
[PlyCount "45"]
[EventDate "2001.??.??"]
[EventType "tourn (corr)"]
[EventRounds "6"]
[SourceTitle "Corr 2008"]
[Source "ChessBase"]
[SourceDate "2008.06.24"]
[SourceVersion "1"]
[SourceVersionDate "2008.06.24"]
[SourceQuality "1"]

1. e4 c5 2. Nf3 d6 3. d4 cxd4 4. Nxd4 Nf6 5. Nc3 g6 6. Be3 Bg7 7. f3 Nc6 8. Qd2 0-0 9. Bc4 Bd7 10. Bb3 Rc8 11. 0-0-0 Ne5 12. h4 Nc4 13. Bxc4 Rxc4 14. h5 Nxh5 15. g4 Nf6 16. Nb3 Re8 17. Bh6 Bh8 18. Bg5 Qc8 19. Rh4 Nxg4 20. fxg4 Bxg4 21. Rg1 Bxc3 22. bxc3 h5 23. Rgxg4 1-0

[Event "IECC P email"]
[Site "IECC email"]
[Date "2001.12.11"]
[Round "?"]
[White "Avrum, Feivel"]
[Black "Kul, Ivan"]
[Result "1/2-1/2"]
[WhiteElo "2089"]
[BlackElo "1203"]
[PlyCount "95"]
[EventDate "2001.??.??"]
[EventType "tourn (corr)"]
[EventRounds "6"]
[SourceTitle "Corr 2008"]
[Source "ChessBase"]
[SourceDate "2008.06.24"]
[SourceVersion "1"]
[SourceVersionDate "2008.06.24"]
[SourceQuality "1"]

1. e4 e5 2. Nf3 Nc6 3. Bb5 a6 4. Ba4 Nf6 5. 0-0 b5 6. Bb3 Bc5 7. a4 Bb7 8. d3 0-0 9. Nc3 b4 10. Nd5 h6 11. a5 d6 12. c3 bxc3 13. bxc3 Rb8 14. d4 exd4 15. cxd4 Ba7 16. Nxf6+ Qxf6 17. Be3 Nb4 18. e5 Qg6 19. Rc1 dxe5 20. dxe5 Bxe3 21. fxe3 Nd3 22. Rxc7 Bxf3 23. Rxf3 Nxe5 24. Rf1 Rfd8 25. Qc2 Qxc2 26. Bxc2 Rb5 27. Ra1 g6 28. Be4 Rb4 29. Bb7 Rd6 30. e4 Kf8 31. Bd5 Rf6 32. Ra7 Rb2 33. Rf1 Rxf1+ 34. Kxf1 Ng4 35. Rxf7+ Ke8 36. Ke1 Ne3 37. Ra7 Nxg2+ 38. Kf1 Ne3+ 39. Kg1 Nxd5 40. exd5 Rd2 41. Rxa6 Rxd5 42. Rxg6 Rxa5 43. Rxh6 Kf7 44. Kf2 Ra3 45. Ke2 Kg7 46. Rd6 Ra2+ 47. Rd2 Rxd2+ 48. Kxd2 1/2-1/2

[Event "IECC M email"]
[Site "IECC email"]
[Date "2001.08.27"]
[Round "?"]
[White "Avrum, Feivel"]
[Black "Clark, Francis"]
[Result "1-0"]
[WhiteElo "1993"]
[BlackElo "1800"]
[PlyCount "45"]
[EventDate "2001.??.??"]
[EventType "tourn (corr)"]
[EventRounds "6"]
[SourceTitle "Corr 2008"]
[Source "ChessBase"]
[SourceDate "2008.06.24"]
[SourceVersion "1"]
[SourceVersionDate "2008.06.24"]
[SourceQuality "1"]

1. e4 e5 2. Nf3 Nc6 3. Bb5 Nd4 4. Nxd4 exd4 5. 0-0 c6 6. Bc4 d5 7. exd5 cxd5 8. Re1+ Ne7 9. Bb5+ Bd7 10. Bxd7+ Qxd7 11. Qh5 0-0-0 12. d3 Nc6 13. c3 Bd6 14. cxd4 f5 15. Nc3 Rdf8 16. Bd2 Nxd4 17. Rac1 Kb8 18. Nxd5 f4 19. Re4 Qb5 20. Bb4 Rd8 21. Bxd6+ Rxd6 22. Rxd4 Rhd8 23. Qf7 1-0

[Event "IECC M email"]
[Site "IECC email"]
[Date "2001.08.27"]
[Round "?"]
[White "Clark, Francis"]
[Black "Avrum, Feivel"]
[Result "0-1"]
[WhiteElo "1793"]
[BlackElo "2048"]
[PlyCount "66"]
[EventDate "2001.??.??"]
[EventType "tourn (corr)"]
[EventRounds "6"]
[SourceTitle "Corr 2008"]
[Source "ChessBase"]
[SourceDate "2008.06.24"]
[SourceVersion "1"]
[SourceVersionDate "2008.06.24"]
[SourceQuality "1"]

1. e4 c5 2. Nf3 d6 3. d4 cxd4 4. c3 dxc3 5. Nxc3 Nc6 6. Be3 Nf6 7. Bc4 e6 8. Qe2 a6 9. Rc1 b5 10. Nxb5 Nxe4 11. 0-0 Bb7 12. Nbd4 Nxd4 13. Bxd4 d5 14. Bb3 f6 15. Nh4 Kf7 16. f3 Nd6 17. f4 Nb5 18. Nf3 Bd6 19. Ng5+ fxg5 20. fxg5+ Ke7 21. Bxg7 Qb6+ 22. Kh1 Rhe8 23. Bf6+ Kd7 24. Qh5 Be7 25. Qxh7 Bc6 26. g6 Kd6 27. g7 Bxf6 28. Rxf6 Qe3 29. Qc2 Bb7 30. Rf3 Qd4 31. Qh7 Rg8 32. Rf7 Bc6 33. Qh3 Be8 0-1

[Event "IECG C1.2001.0.00349"]
[Site "IECG email"]
[Date "2001.03.25"]
[Round "?"]
[White "Van Leent, Dimitri"]
[Black "Avrum, Feivel"]
[Result "0-1"]
[WhiteElo "1973"]
[BlackElo "1900"]
[PlyCount "36"]
[EventDate "2001.03.25"]
[EventType "tourn (corr)"]
[EventRounds "6"]
[SourceTitle "Corr 2008"]
[Source "ChessBase"]
[SourceDate "2008.06.24"]
[SourceVersion "1"]
[SourceVersionDate "2008.06.24"]
[SourceQuality "1"]

1. e4 c5 2. c3 d5 3. exd5 Qxd5 4. d4 Nf6 5. Nf3 Bg4 6. Be2 e6 7. 0-0 Nc6 8. Be3 cxd4 9. cxd4 Be7 10. Nc3 Qd6 11. Nb5 Qd8 12. Rc1 a6 13. Nc3 0-0 14. h3 Bh5 15. a3 Qd6 16. Qb3 b5 17. Rfd1 Rfd8 18. g4 Bg6 0-1

[Event "IECC M email"]
[Site "IECC email"]
[Date "2001.03.14"]
[Round "?"]
[White "Avrum, Feivel"]
[Black "Hall, Gregory Kenneth"]
[Result "1-0"]
[WhiteElo "1967"]
[BlackElo "1879"]
[PlyCount "93"]
[EventDate "2001.??.??"]
[EventType "tourn (corr)"]
[EventRounds "6"]
[SourceTitle "Corr 2008"]
[Source "ChessBase"]
[SourceDate "2008.06.24"]
[SourceVersion "1"]
[SourceVersionDate "2008.06.24"]
[SourceQuality "1"]

1. e4 c6 2. d4 d5 3. e5 Bf5 4. h4 h5 5. c4 e6 6. Nc3 Nd7 7. cxd5 cxd5 8. Bg5 Be7 9. Qd2 Bxg5 10. Qxg5 Qxg5 11. hxg5 a6 12. Be2 h4 13. g4 Bg6 14. Nf3 h3 15. Bf1 Ne7 16. Rxh3 Rxh3 17. Bxh3 Nc6 18. 0-0-0 b5 19. a3 Nb6 20. Nh4 Bh7 21. b3 b4 22. axb4 Nxb4 23. Bf1 Rc8 24. Kb2 Ke7 25. f4 Be4 26. f5 Rh8 27. Nxe4 dxe4 28. Ng2 N6d5 29. f6+ Kd7 30. fxg7 Rg8 31. Re1 Nd3+ 32. Bxd3 exd3 33. Rd1 Rxg7 34. Rxd3 Rxg5 35. Rg3 Kc6 36. Kc2 Kb5 37. Kd2 Kc6 38. Ne3 Nxe3 39. Kxe3 Kb5 40. Kf4 Rg6 41. g5 Kb4 42. Ke4 Kb5 43. d5 exd5+ 44. Kxd5 Kb4 45. Rf3 Rg7 46. Kd6 a5 47. Rg3 1-0

[Event "IECC CL3-2001.10"]
[Site "IECC email"]
[Date "2001.03.13"]
[Round "?"]
[White "Zednik, Martin"]
[Black "Avrum, Feivel"]
[Result "1/2-1/2"]
[WhiteElo "1815"]
[BlackElo "1981"]
[PlyCount "122"]
[EventDate "2001.??.??"]
[EventType "tourn (corr)"]
[EventRounds "4"]
[SourceTitle "Corr 2008"]
[Source "ChessBase"]
[SourceDate "2008.06.24"]
[SourceVersion "1"]
[SourceVersionDate "2008.06.24"]
[SourceQuality "1"]

1. e4 c5 2. Nf3 d6 3. d4 cxd4 4. Nxd4 Nf6 5. Nc3 a6 6. f4 Qc7 7. Be2 e5 8. Nb3 Be7 9. 0-0 0-0 10. g4 exf4 11. g5 Nfd7 12. Nd5 Qd8 13. Bxf4 Ne5 14. Qd2 Nbc6 15. Rad1 f6 16. Nxe7+ Qxe7 17. Qxd6 Qxd6 18. Rxd6 Bh3 19. Rfd1 fxg5 20. Bxe5 Nxe5 21. Nc5 Rac8 22. b4 Rf4 23. c3 Rcf8 24. R6d5 Nf3+ 25. Bxf3 Rxf3 26. Rd8 Rxd8 27. Rxd8+ Kf7 28. Rd1 Rxc3 29. Nxb7 Ke7 30. Rd5 Rf3 31. Rd1 Rf4 32. Nc5 Rg4+ 33. Kf2 Rg2+ 34. Ke3 Rxa2 35. Rd2 Rxd2 36. Kxd2 Bc8 37. Ke3 h5 38. e5 g4 39. Ke4 h4 40. Ke3 g3 41. hxg3 h3 42. Kf2 g5 43. Kg1 g4 44. Kh2 Kd8 45. Nb3 Kc7 46. Nd4 Kd7 47. Kg1 Bb7 48. Nb3 Bf3 49. Nd4 Be4 50. Kh2 Bd5 51. Kg1 Bf3 52. Kh2 Be4 53. Kg1 Bd5 54. Kh2 Ke7 55. Kg1 Bf7 56. Kh2 Kd7 57. Kg1 Kc7 58. Kh2 Ba2 59. Kh1 Kb6 60. Kh2 Bc4 61. Kh1 Kc7 1/2-1/2

[Event "IECC M email"]
[Site "IECC email"]
[Date "2000.08.30"]
[Round "?"]
[White "Avrum, Feivel"]
[Black "Bass, Stanley"]
[Result "1-0"]
[WhiteElo "1950"]
[BlackElo "1851"]
[PlyCount "87"]
[EventDate "2000.??.??"]
[EventType "tourn (corr)"]
[EventRounds "2"]
[SourceTitle "Corr 2008"]
[Source "ChessBase"]
[SourceDate "2008.06.24"]
[SourceVersion "1"]
[SourceVersionDate "2008.06.24"]
[SourceQuality "1"]

1. e4 c5 2. Nf3 Nc6 3. d4 cxd4 4. Nxd4 e5 5. Nb5 a6 6. Nd6+ Bxd6 7. Qxd6 Qf6 8. Qd1 Nge7 9. Nc3 0-0 10. Be3 d6 11. Qd2 Be6 12. Rd1 Rad8 13. Nd5 Qg6 14. f3 f5 15. Bg5 Qf7 16. Bc4 h6 17. exf5 Bxd5 18. Bxd5 Qxd5 19. Qxd5+ Nxd5 20. Bxd8 Ne3 21. Bb6 Nxd1 22. Kxd1 Rxf5 23. c4 Kf7 24. Ke2 Ke6 25. b3 Ne7 26. Re1 d5 27. Kd2 Rh5 28. h3 Ng6 29. a3 Nf4 30. g3 Nxh3 31. g4 Rh4 32. Bd8 Ng5 33. cxd5+ Kxd5 34. Rd1 Nxf3+ 35. Ke3+ Ke6 36. Bxh4 Nxh4 37. Rd8 h5 38. gxh5 Nf5+ 39. Kf2 e4 40. Re8+ Kd5 41. Rg8 e3+ 42. Ke1 Ke4 43. Rxg7 Kf4 44. Rg6 1-0

[Event "IECC M email"]
[Site "IECC email"]
[Date "2000.08.30"]
[Round "?"]
[White "Bass, Stanley"]
[Black "Avrum, Feivel"]
[Result "1/2-1/2"]
[WhiteElo "1847"]
[BlackElo "1954"]
[PlyCount "74"]
[EventDate "2000.??.??"]
[EventType "tourn (corr)"]
[EventRounds "2"]
[SourceTitle "Corr 2008"]
[Source "ChessBase"]
[SourceDate "2008.06.24"]
[SourceVersion "1"]
[SourceVersionDate "2008.06.24"]
[SourceQuality "1"]

1. d4 Nf6 2. c4 e6 3. Nc3 Bb4 4. Bd2 0-0 5. Nf3 b6 6. e3 Bb7 7. Bd3 d5 8. 0-0 dxc4 9. Bxc4 Nbd7 10. a3 Bxc3 11. Bxc3 Ne4 12. Bb4 c5 13. dxc5 bxc5 14. Be1 Rb8 15. b4 Nb6 16. Bd3 c4 17. Bxe4 Bxe4 18. Bc3 Qxd1 19. Rfxd1 Bxf3 20. gxf3 Rfd8 21. Rxd8+ Rxd8 22. Bd4 Rc8 23. Bxb6 axb6 24. a4 c3 25. a5 bxa5 26. bxa5 c2 27. Rc1 e5 28. a6 Rc7 29. a7 Rxa7 30. Rxc2 g5 31. Rc5 f6 32. Kg2 Kf7 33. f4 gxf4 34. exf4 Ke6 35. fxe5 fxe5 36. f4 exf4 37. Kf3 Ra4 1/2-1/2

[Event "IECC M email"]
[Site "IECC email"]
[Date "2000.02.11"]
[Round "?"]
[White "Burlant, Richard"]
[Black "Avrum, Feivel"]
[Result "0-1"]
[WhiteElo "2107"]
[BlackElo "2021"]
[PlyCount "78"]
[EventDate "2000.??.??"]
[EventType "tourn (corr)"]
[EventRounds "2"]
[SourceTitle "Corr 2008"]
[Source "ChessBase"]
[SourceDate "2008.06.24"]
[SourceVersion "1"]
[SourceVersionDate "2008.06.24"]
[SourceQuality "1"]

1. e4 c5 2. Nc3 Nc6 3. Nf3 e5 4. Bc4 Be7 5. Nd5 Nf6 6. d3 d6 7. c3 Nxd5 8. Bxd5 0-0 9. 0-0 Bf6 10. a4 Ne7 11. Bc4 b6 12. Bg5 Bxg5 13. Nxg5 h6 14. Nxf7 Rxf7 15. Bxf7+ Kxf7 16. f4 exf4 17. Rxf4+ Kg8 18. Rf2 Be6 19. d4 d5 20. e5 Rc8 21. Qd3 Qd7 22. b3 c4 23. Qc2 Bf5 24. Qb2 cxb3 25. Qxb3 Bd3 26. Rd1 Be4 27. Rf4 Kh7 28. Rdf1 Bd3 29. R1f3 Be4 30. Rf1 Bf5 31. R4f3 Rc4 32. a5 b5 33. Qa3 Be4 34. Rf7 Qg4 35. R7f2 Nc6 36. Qa1 b4 37. cxb4 Nxd4 38. Qb2 a6 39. Ra1 Qg5 0-1